Η σύγχρονη οικονομική και διοικητική σκέψη ως επιταχυντής της λειτουργίας του οικονομικού ελιγμού στις ένοπλες δυνάμεις : πρακτικά 2ου συνεδρίου οικονομικού σώματος στρατού ξηράς
Αποθηκεύτηκε σε:
| Κύριος συγγραφέας: | |
|---|---|
| Μορφή: | Βιβλίο |
| Γλώσσα: | Greek |
| Δημοσίευση: |
Αθήνα :
Γενικό Επιτελείο Στρατού,
2019.
|
| Θέματα: | |
| Ετικέτες: |
Προσθήκη ετικέτας
Δεν υπάρχουν, Καταχωρήστε ετικέτα πρώτοι!
|
MARC
| LEADER | 00000cam a2200000 a 4500 | ||
|---|---|---|---|
| 001 | 1/122174 | ||
| 008 | 200930s2019####gr | ||| |||| ||gre|| | ||
| 020 | |a 9786188419414 |q (χαρτόδετο) | ||
| 022 | |a 2653-956X | ||
| 040 | |a GR-MyUa |b gre |c GR-MyUa |e AACR2 | ||
| 041 | 0 | |a gre | |
| 082 | 7 | |a 338.476233 |2 (23) | |
| 100 | 1 | 2 | |a Γενικό Επιτελείο Στρατού. |
| 245 | 1 | 0 | |a Η σύγχρονη οικονομική και διοικητική σκέψη ως επιταχυντής της λειτουργίας του οικονομικού ελιγμού στις ένοπλες δυνάμεις : |b πρακτικά 2ου συνεδρίου οικονομικού σώματος στρατού ξηράς / |c Γενικό Επιτελείο Στρατού, διεύθυνση οικονομικού. |
| 260 | |a Αθήνα : |b Γενικό Επιτελείο Στρατού, |c 2019. | ||
| 300 | |a 274 σ. : |b διαγρ., εικ., πίν. ; |c 24 εκ. | ||
| 504 | |a Περιλαμβάνει βιβλιογραφία. | ||
| 650 | 0 | |a National security |x Economic aspects. | |
| 650 | 0 | |a Armed Forces. | |
| 852 | |a INST |b CHIOS |e 20200930 |h 338.476233 ΣΥΓ |p 005200039935 |q 005200039935 |t BK |y 0 | ||
| 852 | |a INST |b CHIOS |e 20200930 |h 338.476233 ΣΥΓ |p 005200039939 |q 005200039939 |t BK |y 0 | ||
| 920 | |a Γενικό επιτελείο στρατού |y Χίος |z 2020-06 | ||
| 970 | |a Παροικάκη |b Βασιλική |z 30-09-2020 | ||